Countries of Antarctica by Population - Statistics

General Stats
  • This quiz has been taken 36 times
  • The average score is 29 of 33
Answer Stats
Maximum Research Population Answer % Correct
608 Argentina
100%
427 Chile
100%
255 France
100%
200 Italy
100%
155 Russia
100%
238 United Kingdom
100%
1407 United States
100%
283 Australia
96%
64 Brazil
96%
114 Germany
96%
112 India
96%
86 New Zealand
96%
86 Spain
96%
25 Sweden
96%
246 China
93%
17 Finland
93%
130 Japan
93%
76 Norway
93%
108 South Africa
89%
10 Netherlands
86%
50 Poland
86%
40 Belgium
82%
30 Peru
82%
130 South Korea
82%
50 Turkey
79%
24 Ukraine
79%
9 Pakistan
75%
68 Uruguay
75%
12 Belarus
68%
13 Romania
68%
22 Bulgaria
61%
28 Czech Republic
54%
34 Ecuador
54%
No matching quizzes found
Score Distribution
Percent of People with Each Score
Percentile by Number Answered
Your Score History
You have not taken this quiz